000 00881nam a2200253 a 4500
005 20171007020001.0
008 161214s2016 sp a gr 000 0 spa d
020 _a9788426143457
040 _aCO-BoBLA
_cCO-BoBLA
041 1 _heng
_aspa
044 _asp
090 _aI-JUV
_b04
100 1 _aZommer, Yuval.
245 1 3 _aEl gran libro de los bichos /
_cYuval Zommer ; traducciÓn Susana Tornero.
260 _aBarcelona :
_bEditorial Juventud,
_c2016.
300 _a63 páginas :
_bilustraciones a color
_c35 X 23 cm.
500 _aIncluye índice.
534 _pTítulo original :
_tBig book of bugs.
650 4 _aInsectos
_x Hábitos y conducta
_x Literatura infantil.
650 4 _aInsectos
_xClasificación
_xLiteratura infantil.
700 1 _aTornero, Susana,
_etraductora.
942 _2z
_cLIBRO
_01
949 _an
_bn
999 _c19881
_d19881